Режимы с обострением: эволюция идеи

Detalles Bibliográficos
Outros autores: Малинецкий Г. Г. Георгий Геннадьевич (редактор), Курдюмов В. С. (составитель)
Summary:Рассматривается один из бурно развивающихся разделов самоорганизации — синергетики — теория нестационарных диссипативных структур. Эти структуры являются типичными для многих нелинейных сред с положительной обратной связью. Они обладают многими парадоксальными свойствами — пространственной локализацией, возможностью строить на их основе сложные организации в диссипативных средах. Для студентов-старшекурсников, аспирантов, специалистов и просто интересующихся задачами теории самоорганизации систем, прогнозами катастрофических явлений.
Idioma:ruso
Publicado: Москва, Физматлит, 2006
Edición:2-е изд., перераб. и доп.
Subjects:
Formato: MixedMaterials Libro
KOHA link:https://koha.lib.tpu.ru/cgi-bin/koha/opac-detail.pl?biblionumber=113125

MARC

LEADER 00000nam0a2200000 4500
001 113125
005 20231031121725.0
010 |a 5922107682 
035 |a (RuTPU)RU\TPU\book\122359 
090 |a 113125 
100 |a 20070406d2006 km y0rusy50 ca 
101 0 |a rus 
102 |a RU 
105 |a a z 001zy 
200 1 |a Режимы с обострением: эволюция идеи  |f под ред. Г. Г. Малинецкого; сост. В. С. Курдюмов 
205 |a 2-е изд., перераб. и доп. 
210 |a Москва  |c Физматлит  |d 2006 
215 |a 312 с.  |c ил. 
320 |a Библиография в конце книги. 
330 |a Рассматривается один из бурно развивающихся разделов самоорганизации — синергетики — теория нестационарных диссипативных структур. Эти структуры являются типичными для многих нелинейных сред с положительной обратной связью. Они обладают многими парадоксальными свойствами — пространственной локализацией, возможностью строить на их основе сложные организации в диссипативных средах. Для студентов-старшекурсников, аспирантов, специалистов и просто интересующихся задачами теории самоорганизации систем, прогнозами катастрофических явлений. 
610 1 |a режимы с обострением 
610 1 |a синергетика 
610 1 |a нестационарные диссипативные структуры 
610 1 |a тепло 
610 1 |a инерция 
610 1 |a нелинейные среды 
610 1 |a собственные функции 
610 1 |a горение 
610 1 |a теплопроводность 
610 1 |a тепловые структуры 
610 1 |a математический аппарат 
675 |a 536.75  |v 3 
702 1 |a Малинецкий  |b Г. Г.  |g Георгий Геннадьевич  |4 340 
702 1 |a Курдюмов  |b В. С.  |4 220 
801 1 |a RU  |b 63413507  |c 20070406  |g PSBO 
801 2 |a RU  |b 63413507  |c 20180724  |g PSBO 
942 |c BK